China's Surplus Agricultural Labour Force Its Size, Transfer, Prospects for Absorption and Effects of the Doble-Track Economic System
Enregistré dans:
| Auteur principal: | |
|---|---|
| Autres auteurs: | |
| Format: | Livre |
| Langue: | anglais |
| Publié: |
Queensland
University
1991
|
| Édition: | 1. ed. |
| Collection: | Discussion Paper
No.59 |
| Tags: |
Pas de tags, Soyez le premier à ajouter un tag!
|
MARC
| LEADER | 00000nam a2200000 4500 | ||
|---|---|---|---|
| 001 | c028071 | ||
| 005 | 20221214093755.8 | ||
| 041 | 0 | |a eng | |
| 044 | |a AU | ||
| 245 | 1 | 0 | |a China's Surplus Agricultural Labour Force |b Its Size, Transfer, Prospects for Absorption and Effects of the Doble-Track Economic System |c Yang Cao, C.A. Tisdell |
| 250 | |a 1. ed. | ||
| 264 | 1 | |a Queensland |b University |c 1991 | |
| 300 | |a 56 s. | ||
| 490 | 1 | |a Discussion Paper |v No.59 | |
| 830 | 0 | |a Discussion Paper |v No.59 | |
| 100 | 1 | |a Cao, Yang | |
| 700 | 1 | |a Tisdell, C.A. | |